Datum a čas kvízu
35
Celkem bodů
Celkový počet nahraných bodů na tomto kvízu bez doplňovacích otázek.
1.
Pořadí na kvízu
Konečné umístění týmu na tomto kvízu.
Zaznamenané odpovědi
| # | Otázka | Odpověď | Body | Výsledky |
|---|---|---|---|---|
| 1. | Ministr zahraničí České republ... | Madeleine Albrightová | 1 | |
| 2. | Dvaaosmdesátiletý prezident Ab... | Alžírsko | 0 | |
| 3. | Ve finské Heinole se koná MS v... | Žár | 0 | |
| 4. | Možná jste i Vy zaznamenali, ž... | 1 | ||
| 5. | Slavný holandský kouč, bývalý... | Louis van Gaal | 1 | |
| 1. | Toto téma jste vybrali prostře... | DEA | 1 | |
| 2. | Seriál The Crown, popisující ž... | na území Řecka | 0 | |
| 3. | Jak se nazývá velké anglické m... | Birmingham | 1 | |
| 4. | Herečku Robin Wrightovou, jedn... | Forrest Gump | 1 | |
| 5. | Ve filmech jako Tmavomodrý svě... | David Novotný | 0 |